• 首页
  • 本馆介绍
  • 公告通知
  • 最新文献
  • 馆藏检索
  • 电子资源
  • 读者荐购
  • 参考咨询
  • CALIS
  • 我的图书馆
  • 登录
  • 详细信息显示
  • 放入我的书架
  • 预约/预借图书
  • 作者相关作品
  • 分类相关作品
  • 丛书相关作品
  • 出版社相关作品

书目信息

  • 表格格式
  • 工作单格式
  • 卡片格式
题名:
视觉锤
    
 
作者: 里斯 著 ;寿雯 译
分册:  
出版信息: 北京   机械工业出版社  2024.11
页数: 25,268页
开本: 23cm
丛书名:
单 册:
中图分类: F713.3
科图分类:
主题词: 视觉形象--应用--品牌营销
电子资源:
ISBN: 978-7-111-76897-5
 
 
 
 
 
000 01134nam0 2200265 450
001 013316609
005 20251022181459.39
010    @a978-7-111-76897-5@dCNY79.00
100    @a20241224d2024 em y0chiy0120 ea
101 1  @achi@ceng
102    @aCN@b110000
105    @aa z 000yy
106    @ar
200 1  @a视觉锤@9shi jue chui@dVisual hammer@f(美)劳拉·里斯(Laura Ries)著@g寿雯译@zeng
210    @a北京@c机械工业出版社@d2024.11
215    @a25,268页@c图,照片@d23cm
305    @a劳拉·里斯通过里斯企业管理咨询有限公司授权出版
330    @a本书从形状、颜色、产品、包装、动态、创始人、符号、名人、动物、传承这十个方面展开,介绍企业打造强有力的视觉锤的方法,以此在消费者心中留下深刻的品牌印象。最后还探讨了视觉锤在营销历史上的三个阶段:无关联的视觉锤、关联的视觉锤和植入式视觉锤,并指出植入式视觉锤比前两者更真实、权威,即使没有大量广告,也可以持续发挥作用。
510 1  @aVisual hammer@zeng
606 0  @a视觉形象@x应用@x品牌营销
690    @aF713.3@v5
701  0 @c(美)@a里斯@9li si@c(女,Ries, Laura)@4著
702  0 @a寿雯@9shou wen@4译
801  0 @aCN@c20250909
905    @a河南城建学院图书馆@dF713.3@eL352@ZL352@f1
    
    视觉锤=Visual hammer/(美)劳拉·里斯(Laura Ries)著/寿雯译.-北京:机械工业出版社,2024.11
    25,268页:图,照片;23cm
    
    
    ISBN 978-7-111-76897-5:CNY79.00
    本书从形状、颜色、产品、包装、动态、创始人、符号、名人、动物、传承这十个方面展开,介绍企业打造强有力的视觉锤的方法,以此在消费者心中留下深刻的品牌印象。最后还探讨了视觉锤在营销历史上的三个阶段:无关联的视觉锤、关联的视觉锤和植入式视觉锤,并指出植入式视觉锤比前两者更真实、权威,即使没有大量广告,也可以持续发挥作用。
●
相关链接 在E读中查询图书 在当当中查询图书 在豆瓣中查询图书


正题名:视觉锤     索取号:F713.3/L352         预约/预借

序号 登录号 条形码 馆藏地/架位号 状态 备注
1 1632928   216329284   社科库409/409社科库 41排1列2层/ [索取号:F713.3/L352] 在馆    
河南城建学院图书馆 欢迎您!
大连网信软件有限公司© 版权所有